| 000 | 01048pam a2200337 a 4500 | ||
|---|---|---|---|
| 001 | 3802 | ||
| 003 | FISKH | ||
| 005 | 20240509083859.0 | ||
| 008 | 870831s1988 nyua j 000 1 eng | ||
| 010 | _a 87025497 | ||
| 020 | _a0399214984 (lib. bdg.) : | ||
| 040 |
_aDLC _cDLC _dDLC _beng |
||
| 042 | _alcac | ||
| 050 | 0 | 0 |
_aPZ7.W187 _bCo 1988 |
| 082 | 0 | 0 |
_a[E] _219 |
| 100 | 1 | _aWard, Cindy. | |
| 245 | 1 | 0 |
_aCookie's week / _cby Cindy Ward ; illustrated by Tomie dePaola. |
| 250 | _aFirst Scholastic printing, September 1990 | ||
| 260 |
_aNew York : _bScholastic, _c1988. |
||
| 300 |
_a32 unnumbered pages : _bcolor illustrations ; _c18 × 19 cm |
||
| 505 | _aF | ||
| 520 | _aCookie the cat gets into a different kind of mischief every day of the week. | ||
| 521 | 8 |
_a360
_bLexile |
|
| 521 | 8 |
_aF
_bRaz-Plus |
|
| 650 | 1 |
_aCats _vFiction. |
|
| 650 | 1 |
_aDays _vFiction. |
|
| 700 | 1 |
_aDePaola, Tomie, _d1934-2020, _eillustrator |
|
| 906 |
_a7 _bcbc _corignew _d1 _eocip _f19 _gy-gencatlg |
||
| 942 |
_2ddc _cBK _n0 |
||
| 999 |
_c3802 _d3802 |
||